[Event "Challenge"]
[Site "http://www.queenalice.com/game.php?id=857334"]
[Date "2010.11.10"]
[Round "-"]
[White "dandi27"]
[Black "Galdino_78"]
[Result "1-0"]
[WhiteElo "1497"]
[BlackElo "1316"]

1. e4 e5 2. Nf3 f6 3. Bc4 Nc6 4. O-O Nh6 5. h3 d6 6. Nc3 Qe7 7. Nb5 a6 8. Na3 g5
9. d3 a5 10. Nb5 Nb4 11. c3 Nc6 12. Be3 g4 13. hxg4 Nxg4 14. Nh2 Nxe3 15. fxe3
Bh6 16. Qe2 a4 17. Qh5+ Qf7 18. Qxf7+ Kd8 19. Qxf6+ Kd7 20. Be6+ Ke8 21. Qxh8+
Bf8 22. Qxf8# 1-0

[Event "Challenge"]
[Site "http://www.queenalice.com/game.php?id=857335"]
[Date "2010.11.10"]
[Round "-"]
[White "dandi27"]
[Black "burzum"]
[Result "0-1"]
[WhiteElo "1516"]
[BlackElo "1441"]

1. e4 e5 2. Nf3 Qf6 3. Nc3 Bc5 4. Nd5 Qc6 5. c4 Nf6 6. Nxe5 Qd6 7. d4 Bb4+ 8.
Nxb4 Qxb4+ 9. Bd2 Qxb2 10. Ba5 Nxe4 11. Nd3 Qxd4 12. f3 Nc6 13. Bxc7 Qc3+ 14.
Ke2 Nd4+ 15. Ke3 Nc2+ 16. Kxe4 Qxc4+ 17. Ke5 Qxc7+ 18. Ke4 O-O 19. Rc1 Re8+ 20.
Ne5 Qxe5+ 21. Kd3 Qe3+ 22. Kxc2 d5 23. Bb5 Bf5+ 24. Kb2 Qe5+ 25. Rc3 d4 26. Rc1
Qxb5+ 27. Ka1 Rad8 28. Re1 d3 29. Rxe8+ Rxe8 30. Rb1 Qe5+ 31. Rb2 Rc8 32. a3 Rc2
33. Qxc2 dxc2 34. Ka2 Be6+ 35. Ka1 c1=Q# 0-1

[Event "Challenge"]
[Site "http://www.queenalice.com/game.php?id=857336"]
[Date "2010.11.10"]
[Round "-"]
[White "dandi27"]
[Black "calantone"]
[Result "1-0"]
[WhiteElo "1514"]
[BlackElo "1318"]

1. e4 Nc6 2. c3 e5 3. Nf3 Bc5 4. b4 Be7 5. Bc4 Nf6 6. Ng5 O-O 7. Qf3 g6 8. Qh3
d6 9. Qxh7+ Nxh7 10. Nxh7 Kxh7 11. O-O Bg5 12. Na3 Bg4 13. h3 Be2 14. Bxe2 d5
15. b5 Ne7 16. f3 dxe4 17. fxe4 a6 18. Nc4 axb5 19. Nxe5 Qd6 20. d4 Bxc1 21.
Raxc1 Rxa2 22. Bxb5 Qa3 23. Nxf7 Qb2 24. Ng5+ Kg8 25. Bc4+ Kg7 26. Ne6+ Kg8 27.
Rxf8+ Kh7 28. Bxa2 Qxc1+ 29. Kh2 Qxc3 30. Rf7+ Kh6 31. Rxe7 Qc6 32. Rxc7 Qxe4
33. d5 Qe5+ 34. Kh1 Qa1+ 35. Kh2 Qxa2 36. Rc5 b6 37. Rb5 Qa6 38. Nc7 Qb7 39. Ne6
Qa6 40. Rb4 Qa5 41. Rh4# 1-0

[Event "Challenge"]
[Site "http://www.queenalice.com/game.php?id=857337"]
[Date "2010.11.10"]
[Round "-"]
[White "dandi27"]
[Black "estouchegando"]
[Result "1-0"]
[WhiteElo "1523"]
[BlackElo "1468"]

1. e4 e5 2. Nf3 Nc6 3. c3 Nf6 4. d3 Bc5 5. b4 Bb6 6. Qb3 Ng4 7. Ng5 Bxf2+ 8. Ke2
O-O 9. h3 Qf6 10. b5 Bd4 11. hxg4 d6 12. cxd4 Nxd4+ 13. Ke1 Nxb3 14. axb3 h6 15.
Nh3 Bxg4 16. Nf2 Bd7 17. Na3 Qe6 18. Rb1 a6 19. bxa6 Rxa6 20. d4 exd4 21. Bxa6
1-0

[Event "Challenge"]
[Site "http://www.queenalice.com/game.php?id=857476"]
[Date "2010.11.11"]
[Round "-"]
[White "dandi27"]
[Black "FC"]
[Result "1/2-1/2"]
[WhiteElo "1506"]
[BlackElo "1585"]

1. e4 e5 2. Nf3 Bd6 3. Bc4 Qf6 4. O-O Ne7 5. Nc3 O-O 6. Nd5 Nxd5 7. exd5 Qf4 8.
d3 Qg4 9. h3 Qf5 10. Nh4 Qf6 11. Qg4 g6 12. Nf3 b6 13. a4 a5 14. c3 Ba6 15. Bh6
Bxc4 16. dxc4 Bc5 17. Bxf8 Bxf8 18. Rae1 h5 19. Qg3 Bh6 20. Rxe5 Bf4 21. Re8+
Kg7 22. Qh4 Qf5 23. Nd4 Qg5 24. Qxg5 Bxg5 25. Re5 Bf6 1/2-1/2

[Event "Challenge"]
[Site "http://www.queenalice.com/game.php?id=858182"]
[Date "2010.11.12"]
[Round "-"]
[White "FC"]
[Black "dandi27"]
[Result "1/2-1/2"]
[WhiteElo "1600"]
[BlackElo "1512"]

1. e4 e5 2. Bc4 Nf6 3. d3 Nc6 4. Be3 Bd6 5. Qf3 O-O 6. Ne2 a6 7. O-O Nb4 8. Qg3
Nxc2 9. Bh6 Nh5 10. Qg4 Qf6 11. Ng3 Nxa1 12. Qxh5 gxh6 13. Nf5 b5 14. Bd5 c6 15.
Nxh6+ Kg7 16. Nf5+ Kg8 17. Qg4+ Kh8 18. Bb3 1/2-1/2

[Event "Challenge"]
[Site "http://www.queenalice.com/game.php?id=861050"]
[Date "2010.11.19"]
[Round "-"]
[White "burzum"]
[Black "dandi27"]
[Result "0-1"]
[WhiteElo "1395"]
[BlackElo "1509"]

1. d4 d5 2. Nc3 c6 3. Qd3 Be6 4. Bg5 f6 5. Bf4 g5 6. Bg3 h5 7. f3 h4 8. Bf2 Qd7
9. Nb5 cxb5 10. O-O-O Bf5 11. Qb3 a5 12. e3 a4 13. Qc3 Na6 14. g4 Rc8 15. Qd2
Rxc2+ 16. Qxc2 Bxc2 17. Kxc2 Qc7+ 18. Kb1 Nb4 19. Rc1 Qd6 20. Bxb5+ Nc6 21. e4
Qb4 22. Bxc6+ bxc6 23. Rxc6 a3 24. Nh3 Qxb2# 0-1

[Event "Challenge"]
[Site "http://www.queenalice.com/game.php?id=861051"]
[Date "2010.11.19"]
[Round "-"]
[White "dandi27"]
[Black "burzum"]
[Result "1/2-1/2"]
[WhiteElo "1527"]
[BlackElo "1434"]

1. e4 e5 2. Nf3 Nc6 3. c3 Nf6 4. Bd3 Bc5 5. O-O O-O 6. b4 Bb6 7. a4 a5 8. b5 Ne7
9. Nxe5 Qe8 10. Na3 d6 11. Nf3 Ng4 12. Qb3 c5 13. h3 Be6 14. c4 Ne5 15. Nxe5
dxe5 16. Be2 Ng6 17. Bh5 Nf4 18. Bg4 Bxg4 19. hxg4 Qe6 20. Qf3 Rad8 21. g3 Rd3
22. Qd1 Qh6 23. gxf4 Qh3 24. f3 Qg3+ 25. Kh1 Bd8 26. Qe2 Qh3+ 27. Qh2 Qxf1+ 28.
Qg1 Qxf3+ 29. Qg2 Qd1+ 30. Kh2 exf4 31. Bb2 Qxd2 32. Qxd2 Rxd2+ 33. Kg1 Rxb2 34.
Rf1 Bg5 35. b6 Rd8 36. e5 Rdd2 37. Rf2 Rb1+ 38. Nxb1 Rxf2 39. Kxf2 Bh4+ 40. Kf3
g5 41. Nc3 Kf8 42. Nd5 h6 1/2-1/2

[Event "Challenge"]
[Site "http://www.queenalice.com/game.php?id=862651"]
[Date "2010.11.23"]
[Round "-"]
[White "dandi27"]
[Black "Galdino_78"]
[Result "1-0"]
[WhiteElo "1543"]
[BlackElo "1321"]

1. e4 e5 2. Nf3 f6 3. Bc4 Ne7 4. O-O d6 5. Nc3 c5 6. a4 b6 7. Bb5+ Bd7 8. d3
Bxb5 9. axb5 f5 10. Bg5 h6 11. Bh4 g5 12. Nxg5 hxg5 13. Bxg5 f4 14. Bf6 Rh6 15.
Bg5 Qd7 16. Bxh6 Bxh6 17. Qh5+ Kf8 18. Qxh6+ Kf7 19. h4 Qe6 20. Qh7+ Kf6 21. h5
Nd7 22. Nd5+ Nxd5 23. c4 Ne7 24. h6 Qg8 25. Qxg8 Rxg8 26. h7 Rh8 27. Rxa7 Nf8
28. Ra8 Kg7 29. Rfa1 Rxh7 30. R1a7 Ng6 31. Rb7 Rh8 32. Rxh8 Kxh8 33. Rxb6 Nc8
34. Rb8 Ne7 35. b6 d5 36. b7 Kg7 37. bxc8=Q Nxc8 38. Rxc8 dxc4 39. dxc4 Kg6 40.
Rxc5 Kg5 41. Rxe5+ Kg4 42. c5 1-0

[Event "Challenge"]
[Site "http://www.queenalice.com/game.php?id=864229"]
[Date "2010.11.27"]
[Round "-"]
[White "burzum"]
[Black "dandi27"]
[Result "1-0"]
[WhiteElo "1445"]
[BlackElo "1550"]

1. e4 e5 2. Bc4 Nf6 3. Qf3 Qe7 4. Nc3 Qc5 5. Qd3 Ng4 6. Qf3 Qxc4 7. Qxg4 c6 8.
d3 Qa6 9. Bg5 f6 10. Be3 d6 11. Qxc8+ Kf7 12. Qc7+ Be7 13. Nd5 Ke8 14. Qxe7# 1-0

[Event "Challenge"]
[Site "http://www.queenalice.com/game.php?id=864230"]
[Date "2010.11.27"]
[Round "-"]
[White "dandi27"]
[Black "burzum"]
[Result "1-0"]
[WhiteElo "1537"]
[BlackElo "1458"]

1. e4 e5 2. Nf3 Qf6 3. Bc4 Bc5 4. c3 d5 5. exd5 Qf4 6. d4 Qe4+ 7. Be3 exd4 8.
Nbd2 Qf5 9. Nh4 Qe5 10. cxd4 Bxd4 11. Nhf3 Qe4 12. Nxe4 1-0

[Event "Challenge"]
[Site "http://www.queenalice.com/game.php?id=867176"]
[Date "2010.12.3"]
[Round "-"]
[White "dandi27"]
[Black "burzum"]
[Result "1-0"]
[WhiteElo "1530"]
[BlackElo "1466"]

1. e4 e5 2. Nf3 Bc5 3. Be2 Nc6 4. c3 Nf6 5. b4 Bd6 6. b5 Na5 7. Qa4 Ng4 8. Qxa5
Bc5 9. d4 exd4 10. cxd4 Qf6 11. dxc5 Qxa1 12. Qxc7 Qxb1 13. O-O Qxe4 14. Bd3
Qxd3 15. Ne5 Nxe5 16. Qxe5+ Kf8 17. Re1 g6 18. Qxh8# 1-0

[Event "Challenge"]
[Site "http://www.queenalice.com/game.php?id=867181"]
[Date "2010.12.3"]
[Round "-"]
[White "burzum"]
[Black "dandi27"]
[Result "0-1"]
[WhiteElo "1431"]
[BlackElo "1550"]

1. e4 e5 2. Nf3 Bd6 3. Bc4 Nf6 4. Ng5 O-O 5. Qf3 h6 6. Nxf7 Rxf7 7. d3 Kf8 8.
Bxh6 gxh6 9. g4 Rg7 10. Nc3 Nc6 11. Nd5 Nd4 12. Qd1 Rxg4 13. Qd2 Nf3+ 14. Ke2
Nxd2 15. Kxd2 Nxd5 16. Bxd5 Qg5+ 17. Kc3 b5 18. f3 b4+ 19. Kb3 Rg2 20. Bxa8 Qd2
21. Rhc1 Rxh2 22. Bd5 c6 23. Bc4 Rf2 24. a4 Rxf3 25. Rf1 Rxf1 26. Rxf1+ Kg7 27.
a5 Qe2 28. d4 Qxe4 29. Rg1+ Kf6 30. dxe5+ Qxe5 31. Rg8 Qe3+ 32. c3 Qd2 33. Rxc8
bxc3 34. Rf8+ Bxf8 35. bxc3 d5 36. Ba6 d4 37. cxd4 Qb4+ 38. Ka2 Qxa5+ 39. Kb2
Qxa6 40. Kb3 h5 41. d5 cxd5 42. Kc3 h4 43. Kb3 Qa3+ 44. Kc2 h3 45. Kd2 h2 46.
Kd1 Qa2 0-1

[Event "Challenge"]
[Site "http://www.queenalice.com/game.php?id=869926"]
[Date "2010.12.9"]
[Round "-"]
[White "dandi27"]
[Black "estouchegando"]
[Result "0-1"]
[WhiteElo "1581"]
[BlackElo "1465"]

1. e4 e5 2. Nf3 d6 3. Bd3 a6 4. O-O Nc6 5. c3 Qf6 6. b4 Qg6 7. Nh4 Qg5 8. Nf3
Qg4 9. h3 Qh5 10. g4 Qxh3 11. Ng5 Qxd3 12. a4 f6 13. Nf3 Bxg4 14. Qe1 Qxf3 15.
Ra3 Bh3 0-1

[Event "Challenge"]
[Site "http://www.queenalice.com/game.php?id=870425"]
[Date "2010.12.10"]
[Round "-"]
[White "dandi27"]
[Black "Galdino_78"]
[Result "0-1"]
[WhiteElo "1538"]
[BlackElo "1326"]

1. e4 e5 2. Nf3 Nf6 3. Bd3 Bc5 4. O-O O-O 5. Nxe5 Qe8 6. Nc4 b5 7. e5 Nd5 8. Qh5
g6 9. Qh6 bxc4 10. Bxc4 Qxe5 11. Nc3 c6 12. a3 Qg7 13. Qg5 Be7 14. Qg4 Bd6 15.
Nxd5 cxd5 16. Bxd5 Qe5 17. g3 Qxd5 18. c4 Qe6 19. Qd4 Qe5 20. Qd3 Ba6 21. f4
Bc5+ 22. Kg2 Bb7+ 23. Rf3 Qe1 24. Kh3 Qh1 25. Rf1 Bg2+ 26. Kg4 Bxf1 27. Qc2 Be2+
28. Kg5 Be7+ 29. Kh6 Qxh2# 0-1

[Event "Challenge"]
[Site "http://www.queenalice.com/game.php?id=871528"]
[Date "2010.12.13"]
[Round "-"]
[White "dandi27"]
[Black "FC"]
[Result "1-0"]
[WhiteElo "1548"]
[BlackElo "1570"]

1. e4 e5 2. Nf3 Bd6 3. Bc4 Nf6 4. d3 Bb4+ 5. c3 Bc5 6. Nxe5 d6 7. Nxf7 Qd7 8.
Nxh8 Ng4 9. d4 Bb6 10. f3 Nf6 11. Bf7+ Kd8 12. b4 d5 13. e5 Qe7 14. O-O Qf8 15.
exf6 Qxh8 16. Qe1 gxf6 17. Bxd5 a5 18. Bh6 c6 19. Bf7 Bf5 20. bxa5 Rxa5 21. Qg3
Ke7 22. Bg7 Qd8 23. Bc4 c5 24. d5 Ra4 25. Re1+ Kd7 26. Bb5+ Kc8 27. Bxa4 c4+ 28.
Kh1 Qxd5 29. Re8+ Bd8 30. Na3 Qf7 31. Bh6 Nd7 32. Nb5 Qg6 33. Qc7# 1-0

[Event "Challenge"]
[Site "http://www.queenalice.com/game.php?id=871529"]
[Date "2010.12.13"]
[Round "-"]
[White "FC"]
[Black "dandi27"]
[Result "0-1"]
[WhiteElo "1553"]
[BlackElo "1565"]

1. Nf3 f6 2. e4 e5 3. Bc4 Ne7 4. Nc3 c6 5. O-O b5 6. Bd3 b4 7. Na4 d6 8. c3 bxc3
9. bxc3 Nd7 10. Ba3 Ng6 11. c4 Nf4 12. Nh4 Nxd3 13. Qc2 Nf4 14. Nc3 g5 15. Nf5
Ba6 16. Bxd6 Bxd6 17. Nxd6+ Ke7 18. Nf5+ Kf7 19. a4 Bxc4 20. Rfd1 Bd3 21. Qb3+
Kg6 22. Re1 Nc5 23. Qb4 Nxe4 24. Ne7+ Kh5 25. Nxe4 Bxe4 26. Qxe4 Qxe7 27. Re3
Rad8 28. Qf5 Rxd2 29. g3 Ne2+ 30. Kf1 Qd6 31. g4+ Kh4 32. Kg2 Nf4+ 33. Kg1 Rd1+
34. Re1 Qd5 35. Qxf4 exf4 36. Raxd1 Qf3 37. Rd6 Qxg4+ 38. Kf1 f3 39. Rd4 Qxd4
40. Re3 g4 41. Kg1 Qd1+ 42. Re1 Qxe1# 0-1

[Event "Challenge"]
[Site "http://www.queenalice.com/game.php?id=871537"]
[Date "2010.12.13"]
[Round "-"]
[White "dandi27"]
[Black "burzum"]
[Result "1-0"]
[WhiteElo "1561"]
[BlackElo "1411"]

1. e4 e5 2. Nf3 Nf6 3. Bd3 Bc5 4. Nxe5 Qe7 5. Nc4 Nc6 6. O-O Nd4 7. c3 d5 8.
exd5 Ne2+ 9. Bxe2 Nxd5 10. d4 Bd6 11. Bf3 Nf6 12. Re1 Be6 13. d5 Ng4 14. Bxg4
Qh4 15. Nxd6+ cxd6 16. dxe6 Qf6 17. Qa4+ Kf8 18. e7+ 1-0

[Event "Challenge"]
[Site "http://www.queenalice.com/game.php?id=871538"]
[Date "2010.12.13"]
[Round "-"]
[White "burzum"]
[Black "dandi27"]
[Result "1-0"]
[WhiteElo "1393"]
[BlackElo "1571"]

1. Nf3 f6 2. e4 e5 3. Nc3 c6 4. Bd3 Bc5 5. O-O d6 6. Na4 Bb4 7. c3 Ba5 8. b4 Bc7
9. Qb3 Ne7 10. Qc4 b5 11. Qb3 bxa4 12. Qxa4 g5 13. Qb3 g4 14. Nh4 Ng6 15. Nf5
Qd7 16. Nh6 d5 17. exd5 cxd5 18. c4 d4 19. c5 Qc6 20. b5 Qd7 21. c6 Nxc6 22.
bxc6 Qxc6 23. Bb5 Qxb5 24. Qxb5+ Bd7 25. Qd5 Rb8 26. Nf7 Nf4 27. Nd6+ Bxd6 28.
Qxd6 Ne2+ 29. Kh1 Rb6 30. Qd5 Nf4 31. Qa8+ Ke7 32. Qxh8 d3 33. Ba3+ Ke6 34. Qxh7
Bc6 35. Qe7+ Kf5 36. Qxa7 Bxg2+ 37. Kg1 Rb5 38. Rfb1 Rd5 39. Re1 Rd4 40. h4 Kg6
41. Bf8 Kf5 42. Qh7+ Ke6 43. Rab1 e4 44. Rb6+ Ke5 45. Qe7+ Kf5 46. Qxf6# 1-0

[Event "Challenge"]
[Site "http://www.queenalice.com/game.php?id=873247"]
[Date "2010.12.17"]
[Round "-"]
[White "dandi27"]
[Black "burzum"]
[Result "0-1"]
[WhiteElo "1560"]
[BlackElo "1405"]

1. e4 e5 2. Nf3 Qf6 3. Bc4 Bc5 4. a3 d6 5. b4 Bb6 6. O-O Qg6 7. Nh4 Qg5 8. g3
Nf6 9. d3 Qg4 10. Qxg4 Bxg4 11. Nf5 Bh3 12. Re1 Ng4 13. Ne3 Nxe3 14. fxe3 Nd7
15. Nc3 Nf6 16. Nd5 Nxd5 17. Bxd5 O-O-O 18. Bxf7 Rhf8 19. Bh5 g6 20. Be2 Rf7 21.
g4 Rdf8 22. Bd2 Rf2 23. a4 Rg2+ 24. Kh1 Rff2 25. a5 Rxh2+ 26. Kg1 Rfg2+ 27. Kf1
Rg3# 0-1

[Event "VISA -3"]
[Site "http://www.queenalice.com/game.php?id=875418"]
[Date "2010.12.22"]
[Round "-"]
[White "dandi27"]
[Black "FC"]
[Result "0-1"]
[WhiteElo "1508"]
[BlackElo "1563"]

1. e4 e5 2. Nf3 d6 3. Bd3 Nf6 4. h3 Be7 5. O-O O-O 6. Nc3 Nc6 7. a3 a5 8. Nb5 d5
9. exd5 Nxd5 10. Be4 Nf6 11. Bxc6 bxc6 12. Nc3 Ba6 13. d3 Bd6 14. Bg5 c5 15. Nd5
Be7 16. Nxe5 Nxd5 17. Nc6 Qd7 18. Ne5 Qf5 19. Nf3 Bxg5 20. Nxg5 Qxg5 21. Qf3 Nf4
22. g3 Nxh3+ 23. Kg2 Qh6 24. Rh1 Bc8 25. Rae1 Be6 26. g4 Qg5 27. Qxh3 h6 28.
Ref1 Bxg4 29. Qg3 Rae8 30. f4 Qd5+ 31. Kg1 Qd4+ 32. Rf2 Re1+ 33. Kg2 Qd5+ 34.
Kh2 Qxh1# 0-1

[Event "visa 3"]
[Site "http://www.queenalice.com/game.php?id=876069"]
[Date "2010.12.24"]
[Round "-"]
[White "FC"]
[Black "dandi27"]
[Result "1-0"]
[WhiteElo "1563"]
[BlackElo "1522"]

1. e4 e5 2. Bc4 c6 3. Nf3 Qf6 4. d3 Bc5 5. Bg5 Qd6 6. O-O b5 7. Bb3 h6 8. Bh4 g5
9. Bg3 a5 10. Bxe5 Qe7 11. d4 a4 12. Bxh8 Bb6 13. Bxf7+ Qxf7 14. Ne5 Qf4 15. Nd2
Bxd4 16. Ng6 Qd6 17. Nf3 Qxg6 18. Qxd4 Ne7 19. Bf6 d6 20. Qxd6 Qf7 21. Ne5 Qxf6
22. Qxf6 Nd7 23. Nxd7 Bxd7 24. Qh8+ Ng8 25. Qxg8+ Ke7 26. Qxa8 Ke6 27. Rad1 c5
28. Qd5+ Ke7 29. Qxd7+ Kf6 30. Qf5+ Kg7 31. Rd7+ Kg8 32. Qf7+ Kh8 33. Qf8# 1-0

[Event "visa 3"]
[Site "http://www.queenalice.com/game.php?id=877187"]
[Date "2010.12.27"]
[Round "-"]
[White "calantone"]
[Black "dandi27"]
[Result "1-0"]
[WhiteElo "1395"]
[BlackElo "1502"]

1. Nf3 f6 2. d4 d5 3. Bf4 g5 4. Bd2 g4 5. Nh4 Nc6 6. Be3 Be6 7. Nc3 Nb4 8. Qd2
Qd6 9. Bf4 Qc6 10. O-O-O O-O-O 11. e3 Bg7 12. a3 Na6 13. Bb5 Qb6 14. f3 Qa5 15.
e4 Nb4 16. exd5 Bxd5 17. Nf5 Bf8 18. axb4 Qa1+ 19. Nb1 Ba2 20. Qc3 c6 21. Bc4
Bxc4 22. Qxc4 gxf3 23. gxf3 Qa4 24. Nc3 Qa1+ 25. Nb1 h5 26. Qe6+ Rd7 27. Kd2
Qxb2 28. Qf7 Qxb4+ 29. c3 Qb2+ 30. Ke1 Qb5 31. Qxf8+ Rd8 32. Nxe7+ Nxe7 33. Qxe7
Rd7 34. Qe6 Kd8 35. Qxf6+ Re7+ 36. Kf2 Qe2+ 37. Kg3 h4+ 38. Kg4 Qg2+ 39. Kf5
Qh3+ 40. Kg6 Qg4+ 41. fxg4 Rg8+ 42. Kf5 Ke8 43. Bd6 Rf7 44. Rde1+ Kd7 45. Qxf7+
Kxd6 46. Qxg8 Kc7 47. Re7+ Kb6 48. Qc4 a5 49. Qc5+ Ka6 50. Na3 b6 51. Qxc6 1-0

[Event "visa 3"]
[Site "http://www.queenalice.com/game.php?id=877188"]
[Date "2010.12.27"]
[Round "-"]
[White "dandi27"]
[Black "calantone"]
[Result "1-0"]
[WhiteElo "1494"]
[BlackElo "1296"]

1. e4 d5 2. e5 e6 3. Nf3 Bc5 4. d4 Bb4+ 5. c3 Be7 6. Bd3 Nc6 7. b4 Nh6 8. O-O
O-O 9. Qc2 g6 10. Bxh6 Re8 11. b5 Na5 12. Nbd2 a6 13. bxa6 bxa6 14. Qa4 c6 15.
Nb3 Nxb3 16. Qxb3 c5 17. dxc5 Bxc5 18. Ng5 Qc7 19. a4 d4 20. c4 Qxe5 21. Rae1
Qf4 22. Re4 Qd6 23. Re3 dxe3 24. Qc3 exf2+ 25. Kh1 Bb7 26. Qg7# 1-0